<?xml version="1.0" encoding="UTF-8"?>
<record
    xmlns:xsi="http://www.w3.org/2001/XMLSchema-instance"
    xsi:schemaLocation="http://www.loc.gov/MARC21/slim http://www.loc.gov/standards/marcxml/schema/MARC21slim.xsd"
    xmlns="http://www.loc.gov/MARC21/slim">

  <leader>01547nam a2200241Ia 4500</leader>
  <datafield tag="952" ind1=" " ind2=" ">
    <subfield code="0">0</subfield>
    <subfield code="1">0</subfield>
    <subfield code="4">0</subfield>
    <subfield code="7">0</subfield>
    <subfield code="a">11</subfield>
    <subfield code="b">11</subfield>
    <subfield code="d">2007-01-08</subfield>
    <subfield code="l">0</subfield>
    <subfield code="o">BF233 G6518 1999</subfield>
    <subfield code="p">11 004406</subfield>
    <subfield code="r">2012-06-26</subfield>
    <subfield code="t">1</subfield>
    <subfield code="w">2012-06-26</subfield>
    <subfield code="y">LB</subfield>
  </datafield>
  <datafield tag="952" ind1=" " ind2=" ">
    <subfield code="0">0</subfield>
    <subfield code="1">0</subfield>
    <subfield code="4">0</subfield>
    <subfield code="7">0</subfield>
    <subfield code="a">11</subfield>
    <subfield code="b">11</subfield>
    <subfield code="d">2007-01-08</subfield>
    <subfield code="l">1</subfield>
    <subfield code="o">BF233 G6518 1999</subfield>
    <subfield code="p">11 004407</subfield>
    <subfield code="r">2013-09-09</subfield>
    <subfield code="s">2013-09-09</subfield>
    <subfield code="t">2</subfield>
    <subfield code="w">2012-06-26</subfield>
    <subfield code="y">LB</subfield>
  </datafield>
  <datafield tag="952" ind1=" " ind2=" ">
    <subfield code="0">0</subfield>
    <subfield code="1">0</subfield>
    <subfield code="4">0</subfield>
    <subfield code="7">0</subfield>
    <subfield code="a">11</subfield>
    <subfield code="b">11</subfield>
    <subfield code="d">2007-01-08</subfield>
    <subfield code="l">4</subfield>
    <subfield code="o">BF233 G6518 1999</subfield>
    <subfield code="p">11 004408</subfield>
    <subfield code="r">2013-09-28</subfield>
    <subfield code="s">2013-09-28</subfield>
    <subfield code="t">3</subfield>
    <subfield code="w">2012-06-26</subfield>
    <subfield code="y">LB</subfield>
  </datafield>
  <datafield tag="952" ind1=" " ind2=" ">
    <subfield code="0">0</subfield>
    <subfield code="1">0</subfield>
    <subfield code="2">lcc</subfield>
    <subfield code="4">0</subfield>
    <subfield code="7">0</subfield>
    <subfield code="a">08</subfield>
    <subfield code="b">08</subfield>
    <subfield code="d">2019-07-13</subfield>
    <subfield code="l">0</subfield>
    <subfield code="o">BF233 G6518 1999</subfield>
    <subfield code="p">08 006964</subfield>
    <subfield code="r">2019-07-13</subfield>
    <subfield code="t">1</subfield>
    <subfield code="w">2019-07-13</subfield>
    <subfield code="y">LB</subfield>
  </datafield>
  <datafield tag="999" ind1=" " ind2=" ">
    <subfield code="c">70801</subfield>
    <subfield code="d">70801</subfield>
  </datafield>
  <controlfield tag="008">120626s1999    mx a          000 0 spa d</controlfield>
  <datafield tag="020" ind1=" " ind2=" ">
    <subfield code="a">9687529806</subfield>
  </datafield>
  <datafield tag="050" ind1=" " ind2=" ">
    <subfield code="a">BF233 </subfield>
    <subfield code="b">G6518 1999</subfield>
  </datafield>
  <datafield tag="100" ind1=" " ind2=" ">
    <subfield code="a">Goldstein, E. Bruce</subfield>
    <subfield code="e">autor</subfield>
  </datafield>
  <datafield tag="240" ind1=" " ind2=" ">
    <subfield code="a">Sensation &amp; perception</subfield>
    <subfield code="l">espa&#xF1;ol</subfield>
  </datafield>
  <datafield tag="245" ind1=" " ind2=" ">
    <subfield code="a">Sensaci&#xF3;n y percepci&#xF3;n</subfield>
    <subfield code="c"> / E. Bruce Goldstein; traducci&#xF3;n de Jos&#xE9; Francisco Javier D&#xE1;vila</subfield>
  </datafield>
  <datafield tag="250" ind1=" " ind2=" ">
    <subfield code="a">5a. edici&#xF3;n</subfield>
  </datafield>
  <datafield tag="260" ind1=" " ind2=" ">
    <subfield code="a">M&#xE9;xico</subfield>
    <subfield code="b">: Internacional Thomson </subfield>
    <subfield code="c">, 1999</subfield>
  </datafield>
  <datafield tag="300" ind1=" " ind2=" ">
    <subfield code="a">661 p&#xE1;ginas</subfield>
    <subfield code="b">: ililustraciones</subfield>
  </datafield>
  <datafield tag="500" ind1=" " ind2=" ">
    <subfield code="a">T&#xED;tulo original: Sensation &amp; perception</subfield>
  </datafield>
  <datafield tag="500" ind1=" " ind2=" ">
    <subfield code="a">Incluye : Glosario (pp. 563 - 588),  &#xCD;ndice onom&#xE1;stico (pp. 629 - 637), &#xCD;ndice tem&#xE1;tico (pp. 639 - 652), Cr&#xE9;ditos (pp. 653 - 661)</subfield>
  </datafield>
  <datafield tag="504" ind1=" " ind2=" ">
    <subfield code="a">Referencias (pp. 589 - 628)</subfield>
  </datafield>
  <datafield tag="505" ind1=" " ind2=" ">
    <subfield code="a">Introducci&#xF3;n a la percepci&#xF3;n  
Receptores y procesamiento neuronal  
Procesamiento visual: n&#xFA;cleo geniculado lateral y corteza estriada   
Procesamiento visual de orden superior  
Percepci&#xF3;n del color  
Constancia perceptual  
Percepci&#xF3;n de objetos  
Percepci&#xF3;n del espacio visual  
Tama&#xF1;o, ilusiones, y aspectos ecol&#xF3;gicos de la percepci&#xF3;n   
Percepci&#xF3;n del movimiento  
Sonido, sistema auditivo y percepci&#xF3;n  
Percepci&#xF3;n del volumen, el timbre y el sonido  
Percepci&#xF3;n del habla  
Sentidos cut&#xE1;neos  
Sentidos qu&#xED;micos   
Desarrollo perceptual   
Aspectos cl&#xED;nicos de la visi&#xF3;n y la audici&#xF3;n  </subfield>
  </datafield>
  <datafield tag="519" ind1=" " ind2=" ">
    <subfield code="a">Material Complementario /</subfield>
    <subfield code="b">Psicolog&#xED;a / </subfield>
    <subfield code="d">(08 006964)</subfield>
  </datafield>
  <datafield tag="650" ind1=" " ind2=" ">
    <subfield code="a">SENTIDOS Y SENSACIONES </subfield>
  </datafield>
  <datafield tag="650" ind1=" " ind2=" ">
    <subfield code="a">PERCEPCION</subfield>
  </datafield>
  <datafield tag="942" ind1=" " ind2=" ">
    <subfield code="c">LB</subfield>
  </datafield>
</record>
